Settled strangers Asian business elites in East Africa (1800-2000)
Guardat en:
| Autor principal: | |
|---|---|
| Format: | Llibre |
| Idioma: | anglès |
| Publicat: |
SAGE
2013
|
| Etiquetes: |
Afegir etiqueta
Sense etiquetes, Sigues el primer a etiquetar aquest registre!
|
MARC
| LEADER | 00000nam a22000007a 4500 | ||
|---|---|---|---|
| 008 | 210119b ||||| |||| 00| 0 eng d | ||
| 020 | |a 978-81-321-1054-5 | ||
| 100 | |a OONK, Gijsbert | ||
| 245 | |a Settled strangers |b Asian business elites in East Africa (1800-2000) |c Gijsbert Oonk |g xix, 270p.: ill | ||
| 260 | |b SAGE |c 2013 |h Los Angeles |i 692024 |i 692025 |l DT16 .E17On4 |m East Asians – Africa – History. |m East Asians – Africa – Social conditions |m Business people – Africa – History |m East Asians – Africa – Economic conditions |m India – Emigration and immigration – History |m Africa – Emigration and immigration – History | ||
| 500 | |a “It includes index and references”. | ||
| 942 | |a lcc |c BK |e O.A.JOHNSON |f 19/01/21 | ||
| 952 | |0 0 |1 0 |2 lcc |4 0 |7 0 |9 1241 |a ED |b HOL |c AF |d 2021-01-19 |o DT16 .E17On4 |p 2021-0057 |r 2021-01-19 00:00:00 |w 2021-01-19 |y BK | ||
| 952 | |0 0 |1 0 |2 lcc |4 0 |6 DT0016 E17 O N4 |7 0 |9 1242 |a HOL |b HOL |c AF |d 2021-01-19 |l 0 |o DT16 .E17On4 |p 2021-0058 |r 2021-01-19 00:00:00 |w 2021-01-19 |y BK | ||
| 999 | |c 646 |d 646 | ||